000
00305 a2200157 4500
001
64473
020
_a
9788523208448
040
_c
Anchieta - Pituba
100
_a
Almeida, Ariadne
240
1
0
_a
ROSAE
_l
245
1
0
_a
ROSAE
300
_a
728
362
0
_a
2012
650
4
_a
Dialetologia
942
_c
BK
999
_c
64473
_d
64473